000 00889nam a2200241 i 4500
001 bg
100 1 _aSTYRYLSKA, Teresa
245 1 0 _aWybrane przykłady zastosowań rachunku wyrównawczego w technice cieplnej /
_cTeresa Styrylska, Artur Guzik ; Politechnika Krakowska im. Tadeusza Kościuszki.
260 _aKraków :
_bPK,
_c1998.
300 _a105 s. :
_bwykr. ;
_c24 cm.
490 1 _aMonografia. Inżynieria Sanitarna i Wodna
500 _aISSN i nr serii gł. : 0860-097X ; 237. - Streszcz. ang., niem.
504 _aBibliogr. s. 98-101.
650 9 _aRachunek wyrównawczy
_xstosowanie
_xtechnika
650 9 _aTermodynamika techniczna
_xpomiary
700 1 _aGUZIK, Artur
830 0 _aMonografia.
_pInżynieria Sanitarna i Wodna
040 _cBPK
041 0 _apl
_bende
080 _a519.2:621.1.01:536.7.08
942 _cKS
008 s pl f |000 0 pol
999 _c37897
_d37897
856 _uhttp://koha.tu.koszalin.pl/cgi-bin/koha/opac-detail.pl?biblionumber=37897
_yKatalog online BPK